Bayer Leverkusen 2010's Starting XI - Statistics

General Stats
  • This quiz has been taken 2,269 times
    2,015 since last reset
  • The average score is 18 of 46
Answer Stats
Player % Correct
Lukáš Hrádecký
88%
Leon Bailey
86%
Son Heung-min
86%
Javier Hernández
76%
Bernd Leno
75%
Jonathan Tah
73%
Arturo Vidal
70%
Ömer Toprak
69%
Charles Aránguiz
66%
Hakan Çalhanoğlu
63%
Stefan Kießling
60%
Kai Havertz
58%
Lars Bender
58%
Sven Bender
58%
Wendell
55%
Kevin Kampl
54%
Julian Brandt
47%
Karim Bellarabi
45%
Kevin Volland
43%
Dani Carvajal
38%
Julian Baumgartlinger
35%
Sami Hyypiä
35%
Toni Kroos
33%
Emir Spahić
31%
René Adler
30%
Gonzalo Castro
28%
Tin Jedvaj
27%
Simon Rolfes
26%
Eren Derdiyok
25%
Mitchell Weiser
20%
Benjamin Henrichs
19%
Emre Can
19%
Giulio Donati
18%
André Schürrle
17%
Sidney Sam
17%
Tranquillo Barnetta
17%
Michal Kadlec
16%
Renato Augusto
16%
Sebastian Boenisch
15%
Christoph Kramer
13%
Stefan Reinartz
13%
Manuel Friedrich
10%
Roberto Hilbert
9%
Dominik Kohr
7%
Philipp Wollscheid
7%
Daniel Schwaab
5%
No matching quizzes found
Score Distribution
Percent of People with Each Score
Percentile by Number Answered
Your Score History
You have not taken this quiz since the last reset